Football Players From Portugal - Sudden Death - Statistics

General Stats
  • This quiz has been taken 129 times
  • The average score is 9 of 10
Answers on the Grid
Answers color-coded by a green-red scale on the quiz's grid according to % correct below.
Arda Güler
Bernardo Silva
Bruno Fernandes
Cristiano Ronaldo
Diogo Costa
Diogo Dalot
Diogo Jota
Erling Haaland
Gabriel Jesus
Igor Jesus
João Cancelo
Kyle Walker
Luis Suárez
Luka Modrić
Nuno Mendes
Pedro Neto
Raphinha
Robert Lewandowski
Rodrygo
Vitinha
 
Answer Stats
Answer % Correct
Bernardo Silva
97%
Cristiano Ronaldo
97%
Diogo Jota
96%
Bruno Fernandes
95%
João Cancelo
94%
Nuno Mendes
92%
Diogo Dalot
90%
Pedro Neto
89%
Vitinha
88%
Diogo Costa
81%
No matching quizzes found
Score Distribution
Percent of People with Each Score
Percentile by Number Answered
Your Score History
You have not taken this quiz